000 01449cam a2200133 4500500
005 20251214003231.0
041 _afre
042 _adc
100 1 0 _aChion, Michel
_eauthor
245 0 0 _aLe son : Ouïr, écouter, observer
260 _bArmand Colin,
_c2018.
520 _aDepuis sa première édition en 1998, ce livre est devenu un texte de référence, traduit en plusieurs langues. Dans cette nouvelle édition revue et actualisée, Michel Chion propose à la fois un état des lieux sur l’acoustique, la musique, la psychologie de l’écoute, et un texte-bilan. Prolongeant la démarche de Pierre Schaeffer qui a permis de penser et de décrire les sons comme des objets, il présente les grandes lignes d’une discipline nouvelle, l’acoulogie, où le son n’est plus seulement le symbole d’une harmonie perdue ou d’un «  continent noir  » de la perception, mais aussi un objet culturel à construire par des techniques d’écoute et par une exigence de nomination. Riche en ouvertures, réflexions et concepts originaux, cet essai synthétique vise à mettre en valeur la complexité des objets sonores et leurs mutations à travers les évolutions technologiques. Il nous invite à une observation attentive du sonore dans notre vie quotidienne, mais aussi dans la philosophie, la littérature, la musique, le cinéma.
856 4 1 _uhttps://shs.cairn.info/le-son--9782200617158?lang=fr&redirect-ssocas=7080
999 _c1567622
_d1567622